000 00635cam a2200217 a 4500
999 _c196079
_d196079
005 20230524121640.0
008 940308s1993 enkab b 001 0 eng
010 _aENG-137006
020 _c299.00
_a9788195251810
035 _aEn-120538
037 _bDBAD/PUB
040 _adpl
_bEng
082 _aS
245 1 0 _aThe Geucalyptus Tree;
_cby Vijayalatha N
250 _aFirst
260 _aDelhi
_bAnecdote Publishing House
_c2022
270 _ae-35- A, E Block, Gali No.2 Ganesh Nagar,Pandav nagar Complex
_bDelhi
_e110092
300 _a197,;
_c20cm,( Pbk )
700 _923269
_aN, Vijayalatha
942 _2ddc
_cEN
_mVIJ
_hS